000 00293nam a22001337a 4500
008 170131b xxu||||| |||| 00| 0 eng d
020 _a9781455740703
041 _aeng
080 _27TH
_a61
100 _a3
101 _aSHMI
245 _aMEDICAL TERMINOLOGY
_cLEONARD, [.C
942 _2udc
_cBK
999 _c4084
_d4084